00339nam a2200121Ia 4500008004100000041000800041082001300049100003600062245003800098250000800136260006500144300000800209231228s2012 xx 000 0 und d aeng a4.5bPAN aPANDEY (U.S.)/ KUMAR (Varinder) aComputer Applications in Business a1st aNew DelhibVariety Books Publishers Distributors Delhic2012 a343